000 00663nam a2200289Ia 4500
005 20260324112331.0
008 008 260324s9999 xx 000 0 eng d
020 _a9781315619156
037 _aEBOOK
040 _aCRL
040 _beng
040 _cCRL
041 _2eng
041 _aeng
084 _qCRL
100 _aKevin Lu; Ann Yeoman
_91142261
245 0 _aC.G. Jung's Collected Works
245 4 _bThe Basics
260 _bTaylor and Francis
260 _c2024
365 _a
365 _b220
856 _uhttp://www.taylorfrancis.com/books/9781315619156
942 _cEBOOK
999 _c1731425
_d1731425